000
00336nam a2200133Ia 4500
003
PILC
008
220421s2002 xx 000 0 und d
040
_c
EARIST LIBRARY
100
_a
Benedicta Ma. Rosario
_9
916
245
0
_a
Mga Bayani ng Ating Lahi /
260
_b
Isa-Jecho Publishing :
_c
2002.
999
_c
2284
_d
2284
942
_2
ddc
_c
BK